A System for Knowledge Representation Based on Intensional Logic. Part 1

Podrobná bibliografia
Hlavný autor: Chrz, Tomáš (Autor)
Médium: Článok
Jazyk:slovenčina
angličtina
Predmet:

MARC

LEADER 00000nab a2200000 a 4500
001 vtls000187519
003 SK-MaSNL
005 20260304070821.0
008 250422c1984 xo 0 slo
015 |a SNBRB19rr/mm-uuuuu 
035 |a CL0197632 
035 |a urn:nbn:sk:snk-ab1poi 
035 |a (urnnbn)urn:nbn:sk:snk:ar-004wbc 
035 |a (uuid)3d66adfe-c60e-44b1-8126-34a17e34ffa7 
040 |a SNKBUCL  |b slo  |c SNKBUCL  |e AACR2 
041 0 |a eng 
044 |a xo  |c SK 
080 |a 519.681  |2 1981 
100 1 |a Chrz, Tomáš  |4 aut  |9 7994 
245 1 0 |a A System for Knowledge Representation Based on Intensional Logic. Part 1  |c Tomáš Chrz 
300 |b Obr. 1. Sch. 1. Res. rus., angl., lit. 28 zázn. v češ., angl. 
650 0 7 |a počítačové systémy  |2 snkbucl  |9 1867 
650 0 7 |a logika intenzívna  |2 snkbucl  |9 1356753 
655 7 |a články z novín a časopisov  |2 snkbucl  |9 267496 
773 0 |t Computers and artificial intelligence  |g Roč. 3, č. 3 (1984), s. 193-209 
850 |a Slovenská národná knižnica 
852 |a Slovenská národná knižnica 
958 |a article27 
958 |a NB 
958 |a RK 
958 |a CZ 
958 |a OND 
958 |a EUIPO 
992 |a RBX 
999 |c 2757504  |d 2759434